Today's Best Nonfiction (Record no. 2440)

MARC details
000 -LEADER
fixed length control field 00379nam a22001457a 4500
003 - CONTROL NUMBER IDENTIFIER
control field OSt
005 - DATE AND TIME OF LATEST TRANSACTION
control field 20160727222549.0
008 - FIXED-LENGTH DATA ELEMENTS--GENERAL INFORMATION
fixed length control field 160714b xxu||||| |||| 00| 0 eng d
040 ## - CATALOGING SOURCE
Transcribing agency Today's Best Nonfiction
100 ## - MAIN ENTRY--PERSONAL NAME
9 (RLIN) 2866
Personal name Reader's Digest
245 ## - TITLE STATEMENT
Title Today's Best Nonfiction
260 ## - PUBLICATION, DISTRIBUTION, ETC. (IMPRINT)
Place of publication, distribution, etc. N.Y
Name of publisher, distributor, etc. Reader's Digest
Date of publication, distribution, etc. 1990
300 ## - PHYSICAL DESCRIPTION
Extent Today's Best Nonfiction
942 ## - ADDED ENTRY ELEMENTS (KOHA)
Source of classification or shelving scheme Library of Congress Classification
Koha item type BOOK
Holdings
Withdrawn status Lost status Source of classification or shelving scheme Damaged status Not for loan Home library Current library Shelving location Date acquired Total Checkouts Full call number Barcode Date last seen Date last checked out Price effective from Koha item type
    Library of Congress Classification     Good Samaritan School Library Good Samaritan School Library FICTION 07/14/2016 1 818 REA4021 05/27/2017 05/03/2017 07/14/2016 BOOK

Powered by Koha